00227nam a2200097Ia 4500008004100000041001200041100001500053245004800068260000600116650000700122221030s9999 xx 000 0 und d aEnglish aS. M. John 0aRural Women Entrepreneurshipcby S. M. John c0 aMb